Premier League Appearances by Nationailty: Bulgaria - Statistics

General Stats
  • This quiz has been taken 9 times
  • The average score is 2 of 5
Answer Stats
Appearances Player % Correct
229 Dimitar Berbatov
100%
119 Martin Petrov
44%
185 Stiliyan Petrov
44%
61 Boncho Genchev
0%
178 Radostin Kishishev
0%
No matching quizzes found
Score Distribution
Percent of People with Each Score
Percentile by Number Answered
Your Score History
You have not taken this quiz